20 meilleurs clubs de football d'Europe - Statistiques

Statistiques générales
  • Ce quiz a été pris 28 850 fois
  • Le résultat moyen est 13 sur 20
Statistiques - réponses
Coefficient UEFA Club % Correct
159,142 FC Barcelone
99%
176,142 Real Madrid
99%
125,999 Paris-Saint-Germain
97%
163,035 Bayern Munich
93%
84,878 Manchester United
91%
99,978 Manchester City
90%
131,336 Juventus FC
85%
105,878 Chelsea FC
82%
144,142 Atlético Madrid
80%
124,842 Borussia Dortmund
80%
104,878 Arsenal FC
77%
111,866 Benfica Lisbonne
53%
98,866 FC Porto
53%
88,366 SSC Naples
51%
112,371 FC Séville
49%
76,878 Tottenham Hotspur
45%
90,842 Bayer Leverkusen
22%
87,526 Chakhtar Donetsk
8%
94,842 FC Schalke 04
8%
87,106 Zénith Saint-Pétersbourg
6%
Aucun quiz correspondant
Distribution des résultats
% des personnes avec chaque résultat
Percentile par nombre de réponses
Votre historique - résultats
Vous n’avez pas pris ce quiz